01049nam a22002657a 4500003000500000005001700005008004100022010001100063011001100074035001100085040000900096100004500105245023100150260004000381500006000421502009900481650002400580650002400604650002500628650001400653650002500667650001500692650001200707856006400719CHAP20220329143736.0110520s2011 mx r 00010 spa d a101255 a102227 a112915 cCHAP1 aHernández Archundia, Francisco Javier.10aUso integral de recursos agroforestales :bsuplementación de harina de vaina de mezquite (Prosopis laevigata) en la producción de hongos seta (Pleurotus ostreatus)h[En línea]c/por Francisco Javier Hernández Archundia aChapingo, Méx. :bEl autor,c2011 aPara ver el contenido del material haga clic en la liga aTesis (M.C. en Agroforestería para el Desarrollo Sostenible) -- UACH. Departamento de Suelos14aHarina de mezquite.14aHongos comestibles.14aPleurotus ostreatus.14aProsopis.14aRecursos forestales.14aSustratos.14aVainas. 3Finding aiduhttp://10.13.5.2/tesis/112915.pdfzTeclea aqui